[Event "22.Deutsche Senioreneinzelmeisterschaft"]
[Site "Berlin-Spandau"]
[Date "2010.08.16"]
[Round "1.108"]
[White "Bachmann, Rolf"]
[Black "Hirr, Rudi"]
[Result "1-0"]
[WhiteElo "1880"]
[BlackElo "1534"]
[EventDate "2010.08.??"]
[PlyCount "35"]
[EventType "swiss"]
[EventRounds "9"]
[EventCountry "GER"]

1.c4 e5 2.Nc3 Nf6 3.g3 Be7 4.Bg2 O-O 5.e3 d6 6.Nge2 c6 7.O-O Re8 8.d4 Nbd7
9.Qc2 a6 10.b3 Qc7 11.Bb2 b5 12.cxb5 Bb7 13.bxc6 Bxc6 14.Nd5 Nxd5 15.Bxd5 
Rec8 16.Rac1 Nb8 17.Bxc6 Qxc6 18.Qf5 1-0

[Event "22.Deutsche Senioreneinzelmeisterschaft"]
[Site "Berlin-Spandau"]
[Date "2010.08.16"]
[Round "1.109"]
[White "Junghaenel, Dieter"]
[Black "Vossen, Leo"]
[Result "1/2-1/2"]
[WhiteElo "1523"]
[BlackElo "1874"]
[EventDate "2010.08.??"]
[PlyCount "49"]
[EventType "swiss"]
[EventRounds "9"]
[EventCountry "GER"]

1.Nf3 Nf6 2.e3 c5 3.d3 d5 4.Be2 Nc6 5.Nbd2 g6 6.b3 Bg7 7.Bb2 O-O 8.Ne5 Bd7
9.Nxc6 Bxc6 10.Rb1 Qa5 11.Qc1 d4 12.O-O Nd5 13.Nc4 Qc7 14.e4 Nf4 15.Qe1 b5
16.Nd2 Nxe2+ 17.Qxe2 e5 18.Rbd1 f5 19.f3 Bh6 20.Bc1 Be3+ 21.Kh1 f4 22.Nb1 
Bxc1 23.Rxc1 b4 24.a3 a5 25.a4 1/2-1/2

[Event "22.Deutsche Senioreneinzelmeisterschaft"]
[Site "Berlin-Spandau"]
[Date "2010.08.16"]
[Round "1.110"]
[White "Gudat, Alfons"]
[Black "Radloff, Rainer"]
[Result "1-0"]
[WhiteElo "1873"]
[BlackElo "1516"]
[EventDate "2010.08.??"]
[PlyCount "63"]
[EventType "swiss"]
[EventRounds "9"]
[EventCountry "GER"]

1.e4 c5 2.Nf3 d6 3.Bb5+ Nc6 4.O-O a6 5.Bxc6+ bxc6 6.d4 cxd4 7.Nxd4 Bb7 8.
Nc3 e6 9.f4 Nf6 10.Nb3 Be7 11.e5 Nd5 12.Ne4 dxe5 13.fxe5 O-O 14.c4 Nb6 15.
Qe2 a5 16.Rd1 Qc7 17.Bf4 c5 18.Nd6 a4 19.Nd2 Rad8 20.N2e4 Bxe4 21.Qxe4 Nc8
22.Nb5 Qb6 23.b3 axb3 24.axb3 Rxd1+ 25.Rxd1 Na7 26.Nxa7 Qxa7 27.Be3 Qb6 
28.Rd3 Qa5 29.Bd2 Qb6 30.Rd7 Rd8 31.Rxe7 Rxd2 32.Re8# 1-0

[Event "22.Deutsche Senioreneinzelmeisterschaft"]
[Site "Berlin-Spandau"]
[Date "2010.08.16"]
[Round "1.111"]
[White "Garms, Ilse"]
[Black "Oppermann, Peter"]
[Result "0-1"]
[WhiteElo "1516"]
[BlackElo "1867"]
[EventDate "2010.08.??"]
[PlyCount "60"]
[EventType "swiss"]
[EventRounds "9"]
[EventCountry "GER"]

1.d4 Nf6 2.c4 e6 3.a3 d5 4.e3 b6 5.Nf3 Bb7 6.b3 Be7 7.Bb2 O-O 8.Be2 Nbd7 
9.Nbd2 Rc8 10.Rc1 Ne4 11.O-O Ndf6 12.Ne5 Nxd2 13.Qxd2 Ne4 14.Qc2 f6 15.
cxd5 fxe5 16.Qxe4 Bxd5 17.Qxe5 Rf5 18.Qg3 Rg5 19.Bg4 h5 20.Bxe6+ Bxe6 21.
Qf3 Bg4 22.Qc6 Bh3 23.g3 Bxf1 24.Kxf1 Qd5 25.Qxd5+ Rxd5 26.e4 Rb5 27.Rc3 
Re8 28.d5 Bf6 29.Rc2 Bxb2 30.Rxb2 Rxe4 0-1

[Event "22.Deutsche Senioreneinzelmeisterschaft"]
[Site "Berlin-Spandau"]
[Date "2010.08.16"]
[Round "1.112"]
[White "Trnovec, Mihaly"]
[Black "Wegmann, Bernard"]
[Result "1-0"]
[WhiteElo "1866"]
[BlackElo "1513"]
[EventDate "2010.08.??"]
[PlyCount "117"]
[EventType "swiss"]
[EventRounds "9"]
[EventCountry "GER"]

1.e4 c5 2.Nc3 e6 3.Bc4 Nc6 4.a3 d6 5.f4 a6 6.d3 Nf6 7.Ba2 Be7 8.Nf3 Qc7 9.
O-O O-O 10.h3 Bd7 11.Ne2 Rad8 12.g4 Bc8 13.Ng3 d5 14.e5 Ne8 15.c3 d4 16.
Qe2 b5 17.Bd2 Bb7 18.Rac1 Qb6 19.Kh2 g6 20.f5 c4 21.Bh6 dxc3 22.Rxc3 Na5 
23.dxc4 bxc4 24.fxg6 hxg6 25.Bxf8 Kxf8 26.Ne4 Bxe4 27.Qxe4 Qxb2+ 28.Rc2 
Qxa3 29.Nd4 Kg8 30.Qf4 Nf6 31.g5 Rxd4 32.Qxd4 Nh5 33.Qf2 Kh8 34.h4 Bc5 35.
Qf3 Be3 36.Kh1 Qd3 37.Rg2 Bf4 38.Qxd3 cxd3 39.Rd1 d2 40.Rgxd2 Bxd2 41.Rxd2
Nc6 42.Rd6 Nxe5 43.Rxa6 Ng3+ 44.Kg2 Nf5 45.Ra4 Kg7 46.Kh3 Nf3 47.Bb1 Ne5 
48.Bxf5 exf5 49.Kg3 Ng4 50.Kf4 Kh7 51.Ra7 Kg7 52.Ra2 Kg8 53.Ra3 Kg7 54.Rb3
Nf2 55.h5 Ne4 56.h6+ Kh7 57.Rb7 Kg8 58.Rb8+ Kh7 59.Rf8 1-0

[Event "22.Deutsche Senioreneinzelmeisterschaft"]
[Site "Berlin-Spandau"]
[Date "2010.08.16"]
[Round "1.113"]
[White "Elstein, Alla"]
[Black "Bauder, Herbert"]
[Result "0-1"]
[WhiteElo "1505"]
[BlackElo "1865"]
[EventDate "2010.08.??"]
[PlyCount "48"]
[EventType "swiss"]
[EventRounds "9"]
[EventCountry "GER"]

1.d4 Nf6 2.c4 g6 3.Nc3 Bg7 4.Nf3 d6 5.h3 O-O 6.e4 e5 7.d5 a5 8.a3 Nbd7 9.
Be2 Nc5 10.Qc2 a4 11.Nd2 Nfd7 12.O-O f5 13.f3 Bh6 14.g3 Be3+ 15.Kh2 f4 16.
Nd1 fxg3+ 17.Kg2 Bf4 18.Rh1 Nf6 19.Nf1 Nb3 20.Rb1 Bxc1 21.Rxc1 Nxc1 22.
Qxc1 Nh5 23.Nxg3 Nf4+ 24.Kf2 Qh4 0-1

[Event "22.Deutsche Senioreneinzelmeisterschaft"]
[Site "Berlin-Spandau"]
[Date "2010.08.16"]
[Round "1.114"]
[White "Steffen, Guenter"]
[Black "Seidel, Manfred"]
[Result "1-0"]
[WhiteElo "1865"]
[BlackElo "1502"]
[EventDate "2010.08.??"]
[PlyCount "91"]
[EventType "swiss"]
[EventRounds "9"]
[EventCountry "GER"]

1.Nc3 e5 2.e4 Nf6 3.Bc4 a6 4.d3 Nc6 5.a3 Bc5 6.h3 O-O 7.Nf3 d6 8.O-O Nd4 
9.Nxd4 Bxd4 10.Ne2 Ba7 11.Be3 Qe7 12.Bxa7 Rxa7 13.f4 Be6 14.Bxe6 Qxe6 15.
f5 Qe7 16.Ng3 d5 17.Qf3 b5 18.Rf2 c6 19.Raf1 Rd7 20.Nh5 Nxh5 21.Qxh5 f6 
22.Qe2 Qc5 23.g4 dxe4 24.Qxe4 Rd4 25.Qe2 Rf4 26.Kh2 Rxf2+ 27.Qxf2 Qd6 28.
Re1 e4+ 29.Qg3 Qxg3+ 30.Kxg3 exd3 31.cxd3 Rd8 32.Re3 c5 33.Kf3 Kf7 34.Ke2 
Rd6 35.Kd2 c4 36.Kc3 cxd3 37.Rxd3 Rc6+ 38.Kb3 a5 39.Rd4 Rb6 40.Rd7+ Kf8 
41.Ra7 a4+ 42.Kb4 Rc6 43.Kxb5 Rc2 44.Rxa4 Rxb2+ 45.Rb4 g6 46.Rxb2 1-0

[Event "22.Deutsche Senioreneinzelmeisterschaft"]
[Site "Berlin-Spandau"]
[Date "2010.08.16"]
[Round "1.115"]
[White "Theilig, Reinhard"]
[Black "Walther, Joachim"]
[Result "0-1"]
[WhiteElo "1498"]
[BlackElo "1864"]
[EventDate "2010.08.??"]
[PlyCount "88"]
[EventType "swiss"]
[EventRounds "9"]
[EventCountry "GER"]

1.Nf3 Nf6 2.c4 c5 3.g3 Nc6 4.Bg2 e6 5.O-O d5 6.b3 dxc4 7.bxc4 Be7 8.Bb2 
O-O 9.d3 Qc7 10.Nbd2 h6 11.a3 Rd8 12.Qc2 e5 13.Qc3 Nd4 14.Rfe1 Bg4 15.e3 
Bxf3 16.Nxf3 Nxf3+ 17.Bxf3 Nd7 18.Rad1 Bf6 19.Qb3 Rab8 20.d4 cxd4 21.exd4 
exd4 22.Bxd4 Bxd4 23.Rxd4 Nc5 24.Qd1 Rxd4 25.Qxd4 Rd8 26.Qh4 Kf8 27.Bd5 
Re8 28.Rxe8+ Kxe8 29.Qh5 b6 30.Qe2+ Qe7 31.Bc6+ Kf8 32.Kf1 Qxe2+ 33.Kxe2 
Ke7 34.Ke3 Kd6 35.Bd5 f6 36.f3 Nb3 37.Kf4 Nd4 38.Kg4 Nc2 39.a4 Ne3+ 40.Kh5
Nxd5 41.cxd5 a6 42.Kg6 b5 43.axb5 axb5 44.Kf5 Kxd5 0-1

[Event "22.Deutsche Senioreneinzelmeisterschaft"]
[Site "Berlin-Spandau"]
[Date "2010.08.16"]
[Round "1.116"]
[White "Francke, Joerg"]
[Black "Borkenhagen, Bernd"]
[Result "1-0"]
[WhiteElo "1861"]
[BlackElo "1494"]
[EventDate "2010.08.??"]
[PlyCount "80"]
[EventType "swiss"]
[EventRounds "9"]
[EventCountry "GER"]

1.d4 d5 2.Nf3 Nd7 3.c4 c6 4.Nc3 e6 5.Bf4 Be7 6.cxd5 cxd5 7.e3 Ngf6 8.Bd3 
a6 9.h3 O-O 10.O-O h6 11.Ne5 Nxe5 12.dxe5 Nd7 13.Qg4 Kh8 14.Qh5 Bg5 15.Bg3
Qe8 16.f4 g6 17.Qg4 Bd8 18.Rad1 Nc5 19.Bb1 b5 20.b4 Nd7 21.e4 h5 22.Qe2 
dxe4 23.Nxe4 Be7 24.Nd6 Bxd6 25.Rxd6 Bb7 26.Bh4 Rc8 27.Rfd1 Rc7 28.g4 hxg4
29.Qxg4 Bc8 30.Bg5 Kg7 31.Be4 Ra7 32.Bc6 f5 33.exf6+ Rxf6 34.Bxf6+ Kxf6 
35.Qg5+ Kf7 36.Rxe6 Qxe6 37.Bd5 Nf8 38.Bxe6+ Nxe6 39.Qe5 Rd7 40.Rxd7+ Bxd7
1-0

[Event "22.Deutsche Senioreneinzelmeisterschaft"]
[Site "Berlin-Spandau"]
[Date "2010.08.16"]
[Round "1.117"]
[White "Buss, Richard"]
[Black "Kievelitz, Bernd"]
[Result "0-1"]
[WhiteElo "1482"]
[BlackElo "1859"]
[EventDate "2010.08.??"]
[PlyCount "111"]
[EventType "swiss"]
[EventRounds "9"]
[EventCountry "GER"]

1.e4 c5 2.d4 cxd4 3.Nf3 a6 4.c3 Nf6 5.e5 Nd5 6.Bc4 e6 7.cxd4 Nb6 8.Bb3 Nc6
9.a3 d5 10.O-O Be7 11.Nc3 f5 12.Qd2 Bd7 13.Ne2 Nc4 14.Bxc4 dxc4 15.Nc3 Na5
16.Qf4 Bc6 17.d5 Bxd5 18.Rd1 O-O 19.Be3 Nc6 20.Rd2 g5 21.Nxg5 Bxg5 22.
Qxg5+ Qxg5 23.Bxg5 Nxe5 24.Nxd5 exd5 25.Rxd5 Nd3 26.Rb1 b5 27.b3 Rfe8 28.
bxc4 bxc4 29.Rxf5 c3 30.Be3 Rab8 31.Rg5+ Kf7 32.Rf1 c2 33.Rd5 Red8 34.Rf5+
Ke6 35.Ra5 Rd6 36.Ra4 Rb1 37.Rc4 Nb4 38.g3 Rdd1 39.axb4 Rxf1+ 40.Kg2 Rg1+ 
41.Kf3 c1=Q 42.Bxc1 Rgxc1 43.Rh4 Rb3+ 44.Kg2 Ra1 45.Rxh7 Rxb4 46.h4 Ra2 
47.Rh8 Kf7 48.Rh7+ Kg6 49.Rh8 Rbb2 50.Rf8 a5 51.g4 Rxf2+ 52.Rxf2 Rxf2+ 53.
Kxf2 a4 54.Kf3 a3 55.Kf4 a2 56.Ke5 0-1

[Event "22.Deutsche Senioreneinzelmeisterschaft"]
[Site "Berlin-Spandau"]
[Date "2010.08.16"]
[Round "1.118"]
[White "Bonke, Hans-Juergen"]
[Black "Kranch, Klaus"]
[Result "1-0"]
[WhiteElo "1858"]
[BlackElo "1480"]
[EventDate "2010.08.??"]
[PlyCount "115"]
[EventType "swiss"]
[EventRounds "9"]
[EventCountry "GER"]

1.d4 d5 2.Bf4 e6 3.e3 Nf6 4.Bd3 c5 5.c3 Nc6 6.Nd2 Bd7 7.h3 cxd4 8.exd4 Be7
9.Ngf3 O-O 10.O-O a6 11.Re1 b5 12.a3 Na5 13.Ne5 Nc4 14.Qc2 Nxd2 15.Qxd2 
Rc8 16.Qe2 Bc6 17.f3 Nh5 18.Bh2 Bh4 19.Red1 Ng3 20.Qe3 Nh5 21.f4 f5 22.Nf3
Bd7 23.Ne5 g5 24.g3 gxf4 25.gxf4 Kh8 26.Kh1 Qe7 27.Rg1 Rg8 28.Be2 Nf6 29.
Bf3 Ne4 {R} 30.Bxe4 dxe4 31.Bg3 Bxg3 32.Rxg3 Rxg3 33.Qxg3 Rg8 34.Qf2 Bc8 
35.Rg1 Rxg1+ 36.Kxg1 Qg7+ 37.Kh2 Bb7 38.Qg3 Qxg3+ 39.Kxg3 Kg7 40.b3 h6 41.
c4 bxc4 42.bxc4 e3 43.c5 Kf8 44.c6 Bc8 45.Kf3 e2 46.Kxe2 Ke7 47.Kd3 a5 48.
Kc4 Kd6 49.Kb5 Kd5 50.Kb6 Kxd4 51.Nf7 h5 52.Nd6 e5 53.Nxc8 exf4 54.Nd6 f3 
55.Nxf5+ Ke4 56.Ng3+ Kf4 57.Nf1 f2 58.c7 1-0

[Event "22.Deutsche Senioreneinzelmeisterschaft"]
[Site "Berlin-Spandau"]
[Date "2010.08.16"]
[Round "1.119"]
[White "Scholz, Werner"]
[Black "Hoelting, Siegfried"]
[Result "1-0"]
[WhiteElo "1478"]
[BlackElo "1853"]
[EventDate "2010.08.??"]
[PlyCount "160"]
[EventType "swiss"]
[EventRounds "9"]
[EventCountry "GER"]

1.d4 d5 2.Nf3 Nf6 3.e3 c6 4.Bd3 e6 5.Nbd2 Bd6 6.O-O O-O 7.Re1 Nbd7 8.e4 
dxe4 9.Nxe4 Nxe4 10.Rxe4 Be7 11.c3 Nf6 12.Rh4 g6 13.Ne5 Nd5 14.Rh3 f5 15.
Bh6 Re8 16.Qf3 Bg5 17.Qg3 Bxh6 18.Rxh6 Re7 19.Qh4 Re8 20.Rxh7 Qxh4 21.Rxh4
Kg7 22.Re1 Nf6 23.Be2 Rd8 24.Bc4 Nd5 25.Bxd5 exd5 26.f4 Re8 27.Re3 Be6 28.
Kf2 Bg8 29.Rg3 Re6 30.Rgh3 Rae8 31.Kf3 b6 32.g4 fxg4+ 33.Rxg4 Rf6 34.Rhg3 
Bh7 35.h4 Kh6 36.Rg5 Rd8 {Auf dem Formular: Tge8} 37.Kg4 Rg8 38.Kf3 Ra8 
39.Rh3 Rf5 40.Rxf5 gxf5 41.Nf7+ Kg6 42.Ne5+ Kf6 43.h5 Ke7 44.Rg3 Kf6 45.
Rg5 a5 46.Nd7+ Kf7 47.Nxb6 Re8 48.Kf2 Rb8 49.Na4 Re8 50.Kg2 Re1 51.Kf2 Re4
52.Kf3 Re1 53.Kf2 Re4 54.Kf3 Re8 55.h6 Bg6 56.Rg2 Rh8 57.Kg3 Rxh6 58.Rh2 
Bh5 59.Nc5 Rg6+ 60.Kf2 Bd1 61.Nd3 Ke7 62.Rh7+ Ke8 63.Ne5 Kd8 64.Ke1 Bc2 
65.Kd2 Ba4 66.b3 Bb5 67.a4 Ba6 68.c4 dxc4 69.bxc4 Ke8 70.Ra7 Bb7 71.Rxa5 
Rh6 72.Nf3 Rh5 73.Re5+ Kd7 74.Re2 Rh1 75.Rh2 Ra1 76.Rh7+ Kc8 77.Rf7 Ra2+ 
78.Ke3 Ra3+ 79.Ke2 Rxa4 80.Ne5 Ra2+ 1-0

[Event "22.Deutsche Senioreneinzelmeisterschaft"]
[Site "Berlin-Spandau"]
[Date "2010.08.16"]
[Round "1.120"]
[White "Neumann, Horst"]
[Black "Hermann, Armin"]
[Result "1-0"]
[WhiteElo "1852"]
[BlackElo "1477"]
[EventDate "2010.08.??"]
[PlyCount "69"]
[EventType "swiss"]
[EventRounds "9"]
[EventCountry "GER"]

1.d4 d5 2.Bg5 Bf5 3.e3 Nd7 4.c4 h6 5.Bh4 Ngf6 6.Nc3 e6 7.cxd5 exd5 8.Qb3 
Be6 9.Bd3 Rb8 10.Nge2 Be7 11.Rc1 Nb6 12.a4 a5 13.Nf4 Bb4 14.O-O Bxc3 15.
Rxc3 O-O 16.Rfc1 Rc8 17.Bxf6 gxf6 18.Qd1 f5 19.b3 c6 20.Qe1 Qg5 21.Rc5 Ra8
22.Rxa5 Nd7 23.Rxa8 Rxa8 24.Qb4 Rb8 25.Qd6 Kh8 26.Nxe6 Qg6 27.Qxd7 Rg8 28.
Nf4 Qg5 29.Bxf5 Rg7 30.Qe8+ Rg8 31.Qxf7 Rg7 32.Qe8+ Rg8 33.Qe5+ Rg7 34.g3 
h5 35.Ne6 1-0

[Event "22.Deutsche Senioreneinzelmeisterschaft"]
[Site "Berlin-Spandau"]
[Date "2010.08.16"]
[Round "1.121"]
[White "Fiedler, Ronald"]
[Black "Reer, Erdmann"]
[Result "0-1"]
[WhiteElo "1477"]
[BlackElo "1846"]
[EventDate "2010.08.??"]
[PlyCount "46"]
[EventType "swiss"]
[EventRounds "9"]
[EventCountry "GER"]

1.d4 d5 2.c4 c6 3.cxd5 cxd5 4.Nc3 Nf6 5.Bf4 e6 6.e3 Bd6 7.Bxd6 Qxd6 8.Bd3 
O-O 9.Nf3 Nc6 10.a3 a6 11.O-O b5 12.b4 Bb7 13.Rc1 Rac8 14.Qe2 e5 15.dxe5 
Nxe5 16.Nxe5 Qxe5 17.f4 Qe7 18.Na2 Rfe8 19.Rxc8 Bxc8 20.Re1 Ng4 21.Nc3 Qd6
22.Qd2 d4 23.e4 dxc3 0-1

[Event "22.Deutsche Senioreneinzelmeisterschaft"]
[Site "Berlin-Spandau"]
[Date "2010.08.16"]
[Round "1.122"]
[White "Riek, Wolfgang"]
[Black "Schumacher, Ursula"]
[Result "1-0"]
[WhiteElo "1846"]
[BlackElo "1472"]
[EventDate "2010.08.??"]
[PlyCount "80"]
[EventType "swiss"]
[EventRounds "9"]
[EventCountry "GER"]

1.d4 c6 2.Nf3 d5 3.g3 Bf5 4.Bg2 h6 5.O-O e6 6.Nbd2 Nf6 7.c4 Be7 8.cxd5 
cxd5 9.Qb3 Qc7 10.Ne5 Bc2 11.Qc3 Qxc3 12.bxc3 O-O 13.Bb2 Bh7 14.c4 Nc6 15.
cxd5 exd5 16.Rfc1 Rac8 17.Bh3 Rc7 18.Nb3 Bd6 19.a3 Re8 20.f4 Ree7 21.Kf1 
Ne4 22.Bg2 Nf6 23.Nxc6 bxc6 24.Na5 c5 25.dxc5 Rxc5 26.Rxc5 Bxc5 27.Bxf6 
gxf6 28.Bxd5 Re3 29.Nc4 Re7 30.a4 Bf5 31.Bf3 Be6 32.Nd2 Bh3+ 33.Ke1 Bg1 
34.Ne4 Kg7 35.Nf2 Be6 36.Kf1 Bxf2 37.Kxf2 f5 38.a5 Bc4 39.Rc1 Bb5 40.Rc5 
Bd7 1-0

[Event "22.Deutsche Senioreneinzelmeisterschaft"]
[Site "Berlin-Spandau"]
[Date "2010.08.16"]
[Round "1.123"]
[White "Prinz, Tade"]
[Black "Plewka, Manfred"]
[Result "1-0"]
[WhiteElo "1467"]
[BlackElo "1845"]
[EventDate "2010.08.??"]
[PlyCount "91"]
[EventType "swiss"]
[EventRounds "9"]
[EventCountry "GER"]

1.d4 f5 2.c4 g6 3.Nc3 Nf6 4.g3 Bg7 5.Bg2 O-O 6.e3 c6 7.Nge2 d6 8.Qb3 e5 9.
dxe5 dxe5 10.O-O Qe7 11.a4 Be6 12.Qa2 Qb4 13.b3 Na6 14.Ba3 Qa5 15.Bxf8 
Rxf8 16.Rab1 Nd7 17.Qd2 Ndc5 18.Rfd1 e4 19.Nd4 Bf7 20.Bf1 Nb4 21.Na2 Nca6 
22.Nxb4 Nxb4 23.Nc2 c5 24.Nxb4 cxb4 25.Qd7 b6 26.Rbc1 Bf6 27.Qb5 Qxb5 28.
axb5 Be6 29.Rd6 Kf7 30.Rcd1 Ke7 31.Be2 Be5 32.R6d2 g5 33.Ra2 Ra8 34.f4 
gxf4 35.gxf4 Bd6 36.Rda1 Rg8+ 37.Kf2 Bb8 38.Rg1 Rg6 39.h4 Bf7 40.h5 Rh6 
41.Rg5 Kf6 42.Rd2 Ke6 43.Rd8 Bd6 44.Rc8 Be7 45.Rc7 Kd6 46.Rc6+ 1-0

[Event "22.Deutsche Senioreneinzelmeisterschaft"]
[Site "Berlin-Spandau"]
[Date "2010.08.16"]
[Round "1.124"]
[White "Baranowsky, Peter"]
[Black "Siegmeyer, Ingo"]
[Result "1-0"]
[WhiteElo "1844"]
[BlackElo "1454"]
[EventDate "2010.08.??"]
[PlyCount "37"]
[EventType "swiss"]
[EventRounds "9"]
[EventCountry "GER"]

1.d4 e6 2.Nf3 Nf6 3.e3 d5 4.Bd3 Bd6 5.Nbd2 Nbd7 6.O-O e5 7.e4 exd4 8.e5 
Nxe5 9.Nxe5 Bxe5 10.Re1 Ne4 11.Nxe4 dxe4 12.Rxe4 f6 13.f4 Bf5 14.Re1 Bxd3 
15.Qxd3 Qe7 16.fxe5 fxe5 17.Qb5+ Qd7 18.Rxe5+ Kd8 19.Rd5 1-0

[Event "22.Deutsche Senioreneinzelmeisterschaft"]
[Site "Berlin-Spandau"]
[Date "2010.08.16"]
[Round "1.125"]
[White "Toth, Hans-Juergen"]
[Black "Klempt, Guenter"]
[Result "0-1"]
[WhiteElo "1451"]
[BlackElo "1843"]
[EventDate "2010.08.??"]
[PlyCount "96"]
[EventType "swiss"]
[EventRounds "9"]
[EventCountry "GER"]

1.f4 d5 2.Nf3 c5 3.e3 Nc6 4.Bb5 Bd7 5.O-O Nf6 6.b3 e6 7.Bb2 Bd6 8.a4 O-O 
9.Bxc6 Bxc6 10.Ne5 Rc8 11.d3 Qe7 12.c4 Rfd8 13.Qe2 a6 14.Nd2 Bb8 15.Ndf3 
b5 16.Nxc6 Rxc6 17.Ne5 Bxe5 18.Bxe5 bxc4 19.dxc4 Ne4 20.Rfc1 f6 21.cxd5 
Rxd5 22.Bc3 Rcd6 23.Be1 Qb7 24.Rc4 f5 25.b4 cxb4 26.Rxb4 Qc7 27.Rc4 Rc6 
28.Rac1 Rdc5 29.Rxc5 Rxc5 30.Rxc5 Qxc5 31.Kf1 Qc6 32.a5 h6 33.Qd3 Kh7 34.
Qb3 Kg6 35.Qd3 Kf7 36.Qb3 Qd6 37.Qb7+ Kf6 38.Qb2+ Kg6 39.Qc2 Qa3 40.Qe2 
Qd6 41.Qc2 Qd7 42.Qc4 Qd6 43.Qb3 Kf7 44.Qb7+ Ke8 45.Qb3 Nc5 46.Qb4 Qd3+ 
47.Kf2 Ne4+ 48.Kf3 Qd1# 0-1

[Event "22.Deutsche Senioreneinzelmeisterschaft"]
[Site "Berlin-Spandau"]
[Date "2010.08.16"]
[Round "1.126"]
[White "Hoffmann, Peter"]
[Black "Klein, Alfred"]
[Result "1-0"]
[WhiteElo "1838"]
[BlackElo "1446"]
[EventDate "2010.08.??"]
[PlyCount "61"]
[EventType "swiss"]
[EventRounds "9"]
[EventCountry "GER"]

1.d4 Nf6 2.c4 g6 3.Nc3 Bg7 4.e4 d6 5.f4 O-O 6.Nf3 c5 7.d5 Bd7 8.e5 dxe5 9.
fxe5 Ne8 10.Be2 Na6 11.O-O Nac7 12.Bf4 b6 13.Qd2 Qc8 14.Ne4 Bf5 15.Ng3 Bg4
16.h3 Bd7 17.Rac1 Qd8 18.Bh6 Qc8 19.Kh2 Qd8 20.Bd3 Na6 21.Rf2 e6 22.Rcf1 
exd5 23.cxd5 Nec7 24.Bxg7 Kxg7 25.Ng5 f5 26.e6 Bb5 27.Bxb5 Nxb5 28.Nf7 Qc7
29.Rxf5 Nd4 30.Rh5 Kg8 31.Rxh7 1-0

[Event "22.Deutsche Senioreneinzelmeisterschaft"]
[Site "Berlin-Spandau"]
[Date "2010.08.16"]
[Round "1.128"]
[White "Nietsch, Horst"]
[Black "Moeller, Dirk"]
[Result "1-0"]
[WhiteElo "1837"]
[BlackElo "1436"]
[EventDate "2010.08.??"]
[PlyCount "83"]
[EventType "swiss"]
[EventRounds "9"]
[EventCountry "GER"]

1.Nf3 Nf6 2.g3 b6 3.Bg2 Bb7 4.O-O e6 5.c4 Be7 6.Nc3 O-O 7.d3 c5 8.e4 d6 9.
Re1 Nc6 10.h3 e5 11.Nd5 Nxd5 12.cxd5 Nb8 13.Nh2 Bc8 14.Ng4 f5 15.exf5 Bxf5
16.Ne3 Bg6 17.Be4 Qe8 18.Qg4 Bh5 19.Qe6+ Kh8 20.Nf5 Rf6 21.Qxe7 Qxe7 22.
Nxe7 Na6 23.Bg5 Rf7 24.g4 Bg6 25.Nxg6+ hxg6 26.Bxg6 Rf3 27.Be4 Rf7 28.a3 
Raf8 29.Rf1 Nc7 30.f3 Nb5 31.Be3 Kg8 32.a4 Nc7 33.Kg2 Re7 34.f4 Na6 35.
fxe5 Rxe5 36.Bf4 Ree8 37.Bxd6 Rxf1 38.Rxf1 Nb4 39.Bc7 Nc2 40.Rf2 Nd4 41.d6
Ne6 42.Bd5 1-0

[Event "22.Deutsche Senioreneinzelmeisterschaft"]
[Site "Berlin-Spandau"]
[Date "2010.08.16"]
[Round "1.129"]
[White "Goepfart, Dietrich"]
[Black "Schneider, Miloca"]
[Result "0-1"]
[WhiteElo "1423"]
[BlackElo "1834"]
[EventDate "2010.08.??"]
[PlyCount "98"]
[EventType "swiss"]
[EventRounds "9"]
[EventCountry "GER"]

1.e4 d5 2.exd5 Qxd5 3.Nc3 Qa5 4.Nf3 Nf6 5.d3 c6 6.Be2 e6 7.Bd2 Qc7 8.h3 
Nbd7 9.a3 Bd6 10.Ne4 Nxe4 11.dxe4 O-O 12.Bd3 b6 13.O-O e5 14.Bc4 h6 15.Re1
Nc5 16.b4 Ne6 17.c3 Bd7 18.Bb3 Rad8 19.Qc1 Be7 20.Qb2 Bc8 21.c4 Nd4 22.Bd1
c5 23.Qc1 Be6 24.Nh2 Bf6 25.Rb1 cxb4 26.axb4 Bxc4 27.Ng4 Rd6 28.f4 Rc6 29.
Nxf6+ Rxf6 30.f5 b5 31.Re3 Qb6 32.g4 Bd3 33.Rb2 Bxe4 34.Qc5 Qb7 35.Qxe5 
Nf3+ 36.Bxf3 Bxf3 37.Qh2 Rc8 38.Bc3 Ra6 39.Qe5 f6 40.Qg3 Bd5 41.Rbe2 Qb6 
42.Kh2 Bf7 43.Re7 Qc6 44.Bd4 Qc4 45.Bc5 Ra2 46.Qf2 Rxe2 47.Rxe2 a6 48.Re7 
Rd8 49.Qe2 Qf4+ 0-1

[Event "22.Deutsche Senioreneinzelmeisterschaft"]
[Site "Berlin-Spandau"]
[Date "2010.08.16"]
[Round "1.130"]
[White "Bieberle, Gerhart"]
[Black "Gnaß, Erhard"]
[Result "1-0"]
[WhiteElo "1830"]
[BlackElo "1418"]
[EventDate "2010.08.??"]
[PlyCount "73"]
[EventType "swiss"]
[EventRounds "9"]
[EventCountry "GER"]

1.d4 d5 2.c4 c6 3.Nc3 Nf6 4.Bg5 g6 5.e3 Bg7 6.Bd3 O-O 7.Nge2 Be6 8.b3 Re8 
9.O-O Nbd7 10.Nf4 Nf8 11.Nxe6 fxe6 12.Na4 b6 13.Rc1 h6 14.Bh4 g5 15.Bg3 
Ne4 16.Bxe4 dxe4 17.Qc2 Qc7 18.Qxe4 Qd7 19.f4 Nh7 20.Qg6 Rf8 21.fxg5 hxg5 
22.Be5 Nf6 23.Qxg5 Qe8 24.Nc3 Rf7 25.Qh4 Bh8 26.Rf3 Qf8 27.Qh3 Qc8 28.Rcf1
Rh7 29.Qg3+ Rg7 30.Qe1 Rf7 31.Ne4 Qd7 32.Ng5 Rff8 33.Qg3 Bg7 34.Qh4 Qe8 
35.Bxf6 Rxf6 36.Qh7+ Kf8 37.Nxe6+ 1-0

[Event "22.Deutsche Senioreneinzelmeisterschaft"]
[Site "Berlin-Spandau"]
[Date "2010.08.16"]
[Round "1.131"]
[White "Schwagrowski, Bernd"]
[Black "Seidel, Arnold"]
[Result "0-1"]
[WhiteElo "1404"]
[BlackElo "1828"]
[EventDate "2010.08.??"]
[PlyCount "66"]
[EventType "swiss"]
[EventRounds "9"]
[EventCountry "GER"]

1.Nf3 Nc6 2.d4 d5 3.h3 Nf6 4.Bf4 h6 5.e3 a6 6.Nbd2 Bf5 7.a3 e6 8.c4 Bd6 9.
Ne5 Bxe5 10.dxe5 Nd7 11.Nf3 Be4 12.cxd5 exd5 13.Nd4 Ndxe5 14.Qa4 O-O 15.
Rd1 Nxd4 16.Qxd4 Ng6 17.Bg3 c6 18.f3 Bf5 19.Bd3 Bxd3 20.Rxd3 Qg5 21.Kf2 
Rfe8 22.Qb6 Ne5 23.Bxe5 Qxe5 24.Qd4 Qxd4 25.Rxd4 Re7 26.Re1 Rae8 27.b4 f5 
28.f4 Re4 29.Rxe4 Rxe4 30.Rd1 Kf7 31.Ke2 Rc4 32.Rd3 Ke7 33.Kd2 Ke6 0-1

[Event "22.Deutsche Senioreneinzelmeisterschaft"]
[Site "Berlin-Spandau"]
[Date "2010.08.16"]
[Round "1.132"]
[White "Fassmann, Kurt"]
[Black "Oldigs, Adolf"]
[Result "1-0"]
[WhiteElo "1826"]
[BlackElo "1395"]
[EventDate "2010.08.??"]
[PlyCount "47"]
[EventType "swiss"]
[EventRounds "9"]
[EventCountry "GER"]

1.d4 d5 2.c4 e6 3.Nc3 c6 4.e3 Nf6 5.Bd3 Be7 6.f4 dxc4 7.Bxc4 Nbd7 8.Nf3 h6
9.O-O O-O 10.Qe2 Qc7 11.Bd2 Re8 12.Rac1 a6 13.Ne5 Nb6 14.Bd3 Nbd5 15.Ne4 
Nxe4 16.Bxe4 f5 17.Bf3 Bf6 18.e4 fxe4 19.Qxe4 Bxe5 20.fxe5 Qb6 21.Be2 Qc7 
22.Be3 g5 23.Qg6+ Kh8 24.Qxe8+ 1-0

[Event "22.Deutsche Senioreneinzelmeisterschaft"]
[Site "Berlin-Spandau"]
[Date "2010.08.16"]
[Round "1.133"]
[White "Bernhoeft, Erhard"]
[Black "Berg, Gerd"]
[Result "1-0"]
[WhiteElo "1825"]
[BlackElo "1393"]
[EventDate "2010.08.??"]
[PlyCount "81"]
[EventType "swiss"]
[EventRounds "9"]
[EventCountry "GER"]

1.g3 e5 2.c4 Nf6 3.Bg2 Be7 4.Nc3 O-O 5.d3 Nc6 6.e3 d6 7.Nge2 Re8 8.O-O Rb8
9.h3 Bd7 10.Rb1 a5 11.a3 Qc8 12.Kh2 Bf5 13.b4 axb4 14.axb4 Na7 15.e4 Bd7 
16.Be3 c5 17.b5 b6 18.f4 Qc7 19.f5 Rb7 20.g4 h6 21.Qd2 Kh7 22.Bf3 Rh8 23.
Ng3 Qd8 24.Rg1 g5 25.fxg6+ fxg6 26.Bxh6 Ng8 27.Be3 Nf6 28.Nd5 Nxd5 29.exd5
Kg7 30.Ne4 Nc8 31.Rbf1 Bf6 32.Bd1 Bh4 33.Rg2 Be8 34.Bg5 Bxg5 35.Nxg5 Qe7 
36.Rgf2 Qd7 37.Ne6+ Kh7 38.Qg5 Qe7 39.Rf6 Ra7 40.Qh4+ Kg8 41.Rf8+ 1-0

[Event "22.Deutsche Senioreneinzelmeisterschaft"]
[Site "Berlin-Spandau"]
[Date "2010.08.16"]
[Round "1.134"]
[White "Luebbers, Doris"]
[Black "Richtarsky, Lothar"]
[Result "0-1"]
[WhiteElo "1386"]
[BlackElo "1825"]
[EventDate "2010.08.??"]
[PlyCount "84"]
[EventType "swiss"]
[EventRounds "9"]
[EventCountry "GER"]

1.d4 d5 2.Bf4 Bf5 3.e3 e6 4.Bd3 Bxd3 5.Qxd3 c6 6.Nf3 Nf6 7.h3 Ne4 8.O-O g5
9.Bh2 Bg7 10.Nbd2 f5 11.Ne5 O-O 12.f3 Nd6 13.Rac1 a5 14.c4 Na6 15.a3 f4 
16.c5 Bxe5 17.dxe5 Nb5 18.Rfe1 Qe7 19.Nb3 a4 20.Nd4 Nac7 21.Qd2 Qf7 22.Ne2
fxe3 23.Qxe3 Qg6 24.Nd4 Nxd4 25.Qxd4 Nb5 26.Qe3 Rad8 27.Qe2 Nd4 28.Qe3 Nb3
29.Rcd1 d4 30.Qe4 Nxc5 31.Qxg6+ hxg6 32.Bg3 Nb3 33.Re4 c5 34.Bf2 Kg7 35.
Kf1 Rd5 36.Be1 Rf4 37.Bg3 b5 38.Ke2 c4 39.Be1 Rxe5 40.Bf2 d3+ 41.Kf1 Rfxe4
42.fxe4 Rxe4 0-1